| 000 | 00392nam a2200157Ia 4500 | ||
|---|---|---|---|
| 003 | LK-CoDNM | ||
| 008 | 010623t1902 xxu||||| |||| 00| 1 eng d | ||
| 040 |
_aLK-CoDNM _dLK-CoDNM _eLK-CoDNM |
||
| 041 | _aeng | ||
| 080 | _a6 M.29 | ||
| 100 | _aTwynam, W.C. | ||
| 245 | _aReports on the Pearl Fisheries of Ceylon | ||
| 260 |
_bH.C. Cottle _aColombo _c1902 |
||
| 300 | _b8p., 30 cm | ||
| 942 | _cBK | ||
| 999 |
_c85393 _d85393 |
||